<?xml version="1.0" encoding="UTF-8"?>
<record
    xmlns:xsi="http://www.w3.org/2001/XMLSchema-instance"
    xsi:schemaLocation="http://www.loc.gov/MARC21/slim http://www.loc.gov/standards/marcxml/schema/MARC21slim.xsd"
    xmlns="http://www.loc.gov/MARC21/slim">

  <leader>00377nas a22001457a 4500</leader>
  <controlfield tag="003">OSt</controlfield>
  <controlfield tag="005">20241005115223.0</controlfield>
  <controlfield tag="008">210826b           ||||| |||| 00| 0 eng d</controlfield>
  <datafield tag="022" ind1=" " ind2=" ">
    <subfield code="2">0253-7222</subfield>
  </datafield>
  <datafield tag="040" ind1=" " ind2=" ">
    <subfield code="c"> </subfield>
  </datafield>
  <datafield tag="245" ind1=" " ind2=" ">
    <subfield code="a">Journal of dharma</subfield>
  </datafield>
  <datafield tag="260" ind1=" " ind2=" ">
    <subfield code="a">Dharma Research Association</subfield>
    <subfield code="b">April-June 2021</subfield>
  </datafield>
  <datafield tag="856" ind1=" " ind2=" ">
    <subfield code="u">https://dvk.in/jme/journal-details/NA==</subfield>
  </datafield>
  <datafield tag="942" ind1=" " ind2=" ">
    <subfield code="2">ddc</subfield>
    <subfield code="c">PR</subfield>
    <subfield code="s">1</subfield>
  </datafield>
  <datafield tag="999" ind1=" " ind2=" ">
    <subfield code="c">216152</subfield>
    <subfield code="d">216152</subfield>
  </datafield>
  <datafield tag="952" ind1=" " ind2=" ">
    <subfield code="0">0</subfield>
    <subfield code="1">0</subfield>
    <subfield code="2">ddc</subfield>
    <subfield code="3">V 46, No 2</subfield>
    <subfield code="4">0</subfield>
    <subfield code="7">0</subfield>
    <subfield code="a">AL</subfield>
    <subfield code="b">AL</subfield>
    <subfield code="c">PS</subfield>
    <subfield code="d">2021-08-26</subfield>
    <subfield code="l">0</subfield>
    <subfield code="r">2021-08-26 00:00:00</subfield>
    <subfield code="w">2021-08-26</subfield>
    <subfield code="y">PR</subfield>
  </datafield>
  <datafield tag="952" ind1=" " ind2=" ">
    <subfield code="0">0</subfield>
    <subfield code="1">0</subfield>
    <subfield code="2">ddc</subfield>
    <subfield code="4">0</subfield>
    <subfield code="7">0</subfield>
    <subfield code="a">AL</subfield>
    <subfield code="b">AL</subfield>
    <subfield code="c">PS</subfield>
    <subfield code="d">2022-12-07</subfield>
    <subfield code="h">Vol. 47, No. 2</subfield>
    <subfield code="l">0</subfield>
    <subfield code="p">JOD4702</subfield>
    <subfield code="r">2022-12-07 00:00:00</subfield>
    <subfield code="w">2022-12-07</subfield>
    <subfield code="y">PR</subfield>
  </datafield>
  <datafield tag="952" ind1=" " ind2=" ">
    <subfield code="0">0</subfield>
    <subfield code="1">0</subfield>
    <subfield code="2">ddc</subfield>
    <subfield code="4">0</subfield>
    <subfield code="7">0</subfield>
    <subfield code="a">AL</subfield>
    <subfield code="b">AL</subfield>
    <subfield code="c">PS</subfield>
    <subfield code="d">2023-01-21</subfield>
    <subfield code="h">Vol. 47, No. 3</subfield>
    <subfield code="l">0</subfield>
    <subfield code="p">JOD4703</subfield>
    <subfield code="r">2023-01-21 00:00:00</subfield>
    <subfield code="w">2023-01-21</subfield>
    <subfield code="y">PR</subfield>
  </datafield>
  <datafield tag="952" ind1=" " ind2=" ">
    <subfield code="0">0</subfield>
    <subfield code="1">0</subfield>
    <subfield code="2">ddc</subfield>
    <subfield code="4">0</subfield>
    <subfield code="7">0</subfield>
    <subfield code="a">AL</subfield>
    <subfield code="b">AL</subfield>
    <subfield code="c">PS</subfield>
    <subfield code="d">2024-08-26</subfield>
    <subfield code="h">Vol. 48, No. 3</subfield>
    <subfield code="l">0</subfield>
    <subfield code="r">2024-08-26 00:00:00</subfield>
    <subfield code="w">2024-08-26</subfield>
    <subfield code="y">PR</subfield>
  </datafield>
  <datafield tag="952" ind1=" " ind2=" ">
    <subfield code="0">0</subfield>
    <subfield code="1">0</subfield>
    <subfield code="2">ddc</subfield>
    <subfield code="4">0</subfield>
    <subfield code="7">0</subfield>
    <subfield code="a">AL</subfield>
    <subfield code="b">AL</subfield>
    <subfield code="c">PS</subfield>
    <subfield code="d">2024-08-26</subfield>
    <subfield code="h">Vol. 48, No.04</subfield>
    <subfield code="l">0</subfield>
    <subfield code="r">2024-08-26 00:00:00</subfield>
    <subfield code="w">2024-08-26</subfield>
    <subfield code="y">PR</subfield>
  </datafield>
  <datafield tag="952" ind1=" " ind2=" ">
    <subfield code="0">0</subfield>
    <subfield code="1">0</subfield>
    <subfield code="2">ddc</subfield>
    <subfield code="4">0</subfield>
    <subfield code="7">0</subfield>
    <subfield code="a">AL</subfield>
    <subfield code="b">AL</subfield>
    <subfield code="c">PS</subfield>
    <subfield code="d">2024-09-13</subfield>
    <subfield code="h">Vol. 49, No. 1</subfield>
    <subfield code="l">0</subfield>
    <subfield code="r">2024-09-13 00:00:00</subfield>
    <subfield code="w">2024-09-13</subfield>
    <subfield code="y">PR</subfield>
  </datafield>
  <datafield tag="952" ind1=" " ind2=" ">
    <subfield code="0">0</subfield>
    <subfield code="1">0</subfield>
    <subfield code="2">ddc</subfield>
    <subfield code="4">0</subfield>
    <subfield code="7">0</subfield>
    <subfield code="a">AL</subfield>
    <subfield code="b">AL</subfield>
    <subfield code="c">PS</subfield>
    <subfield code="d">2025-04-12</subfield>
    <subfield code="h">Vol. 49, No. 2</subfield>
    <subfield code="l">0</subfield>
    <subfield code="r">2025-04-12 10:48:14</subfield>
    <subfield code="w">2025-04-12</subfield>
    <subfield code="y">PR</subfield>
  </datafield>
  <datafield tag="952" ind1=" " ind2=" ">
    <subfield code="0">0</subfield>
    <subfield code="1">0</subfield>
    <subfield code="2">ddc</subfield>
    <subfield code="4">0</subfield>
    <subfield code="7">0</subfield>
    <subfield code="a">AL</subfield>
    <subfield code="b">AL</subfield>
    <subfield code="c">PS</subfield>
    <subfield code="d">2025-10-27</subfield>
    <subfield code="h">Vol. 49, No. 3</subfield>
    <subfield code="l">0</subfield>
    <subfield code="r">2025-10-27 11:11:16</subfield>
    <subfield code="w">2025-10-27</subfield>
    <subfield code="y">PR</subfield>
  </datafield>
  <datafield tag="952" ind1=" " ind2=" ">
    <subfield code="0">0</subfield>
    <subfield code="1">0</subfield>
    <subfield code="2">ddc</subfield>
    <subfield code="4">0</subfield>
    <subfield code="7">0</subfield>
    <subfield code="a">AL</subfield>
    <subfield code="b">AL</subfield>
    <subfield code="c">PS</subfield>
    <subfield code="d">2025-10-27</subfield>
    <subfield code="h">Vol. 49, No. 4</subfield>
    <subfield code="l">0</subfield>
    <subfield code="r">2025-10-27 11:11:47</subfield>
    <subfield code="w">2025-10-27</subfield>
    <subfield code="y">PR</subfield>
  </datafield>
  <datafield tag="952" ind1=" " ind2=" ">
    <subfield code="0">0</subfield>
    <subfield code="1">0</subfield>
    <subfield code="2">ddc</subfield>
    <subfield code="4">0</subfield>
    <subfield code="7">0</subfield>
    <subfield code="a">AL</subfield>
    <subfield code="b">AL</subfield>
    <subfield code="c">PS</subfield>
    <subfield code="d">2025-10-27</subfield>
    <subfield code="h">Vol. 50, No. 1</subfield>
    <subfield code="l">0</subfield>
    <subfield code="r">2025-10-27 11:31:13</subfield>
    <subfield code="w">2025-10-27</subfield>
    <subfield code="y">PR</subfield>
  </datafield>
  <datafield tag="952" ind1=" " ind2=" ">
    <subfield code="0">0</subfield>
    <subfield code="1">0</subfield>
    <subfield code="2">ddc</subfield>
    <subfield code="4">0</subfield>
    <subfield code="7">0</subfield>
    <subfield code="a">AL</subfield>
    <subfield code="b">AL</subfield>
    <subfield code="c">PS</subfield>
    <subfield code="d">2026-05-23</subfield>
    <subfield code="h">Vol. 50, No. 2</subfield>
    <subfield code="l">0</subfield>
    <subfield code="r">2026-05-23 09:22:16</subfield>
    <subfield code="w">2026-05-23</subfield>
    <subfield code="y">PR</subfield>
  </datafield>
  <datafield tag="952" ind1=" " ind2=" ">
    <subfield code="0">0</subfield>
    <subfield code="1">0</subfield>
    <subfield code="2">ddc</subfield>
    <subfield code="4">0</subfield>
    <subfield code="7">0</subfield>
    <subfield code="a">AL</subfield>
    <subfield code="b">AL</subfield>
    <subfield code="c">PS</subfield>
    <subfield code="d">2026-06-08</subfield>
    <subfield code="h">Vol. 50, No. 4</subfield>
    <subfield code="l">0</subfield>
    <subfield code="r">2026-06-08 09:18:29</subfield>
    <subfield code="w">2026-06-08</subfield>
    <subfield code="y">PR</subfield>
  </datafield>
</record>
